The informal city : (Record no. 60210)

MARC details
000 -LEADER
fixed length control field 01328nam a22003137a 4500
005 - DATE AND TIME OF LATEST TRANSACTION
control field 20120103142641.0
008 - FIXED-LENGTH DATA ELEMENTS--GENERAL INFORMATION
fixed length control field 120103t xxu||||| |||| 00| 0 eng d
010 ## - LCCN (DPL NO)
LC control number ENG-104555
020 ## - INTERNATIONAL STANDARD BOOK NUMBER
International Standard Book Number 9789350180167
Terms of availability 1595.00
020 ## - INTERNATIONAL STANDARD BOOK NUMBER
International Standard Book Number 9350180162
Terms of availability 1595.00
035 ## - SYSTEM CONTROL NUMBER
System control number EN-88088
037 ## - SOURCE OF ACQUISITION
Source of stock number/acquisition DBAD/PUB
040 ## - CATALOGING SOURCE
Original cataloging agency DPL
Language of cataloging eng
082 04 - DEWEY DECIMAL CLASSIFICATION NUMBER
Classification number 339.460954
Edition number 23
100 1# - MAIN ENTRY--PERSONAL NAME
Personal name Jain, A. K.
Fuller form of name (Ashok Kumar),
Dates associated with a name 1948-
9 (RLIN) 37971
245 14 - TITLE STATEMENT
Title The informal city :
Remainder of title inclusive growth for poverty alleviation /
Statement of responsibility, etc By A.K. Jain
260 ## - PUBLICATION, DISTRIBUTION, ETC. (IMPRINT)
Place of publication, distribution, etc New Delhi
Name of publisher, distributor, etc Readworthy Publications
Date of publication, distribution, etc 2011
270 ## - ADDRESS
Address 4735/22, Prakash Deep Building. Ground Floor, Ansari Road, Darya Ganj
City New Delhi
Postal code 110002
300 ## - PHYSICAL DESCRIPTION
Extent xv, 366 p. :
Other physical details ill., map
Dimensions 23 cm(Hb)
Accompanying material 1 CD-ROM
500 ## - GENERAL NOTE
General note Includes bibliographical references (p. [344]-361) and index.
520 ## - SUMMARY, ETC.
Summary, etc In Indian context.
650 #0 - SUBJECT ADDED ENTRY--TOPICAL TERM
Topical term or geographic name as entry element Poverty
General subdivision Government policy
Geographic subdivision India.
9 (RLIN) 37972
650 #0 - SUBJECT ADDED ENTRY--TOPICAL TERM
Topical term or geographic name as entry element Informal sector (Economics)
Geographic subdivision India.
9 (RLIN) 37973
650 #0 - SUBJECT ADDED ENTRY--TOPICAL TERM
Topical term or geographic name as entry element Urban policy
Geographic subdivision India.
9 (RLIN) 37974
650 #0 - SUBJECT ADDED ENTRY--TOPICAL TERM
Topical term or geographic name as entry element Urban poor
General subdivision Services for
Geographic subdivision India.
9 (RLIN) 37975
942 ## - ADDED ENTRY ELEMENTS (KOHA)
Source of classification or shelving scheme Dewey Decimal Classification
Item type English Books
Classification part 339.460954
Call number suffix JAI
Holdings
Withdrawn status Lost status Source of classification or shelving scheme Damaged status Not for loan Collection code Home library Current library Date acquired Source of acquisition Cost, normal purchase price Total Checkouts Full call number Barcode Date last seen Copy number Cost, replacement price Koha item type
    Dewey Decimal Classification   Not For Loan Non-fiction D.B.Act.Division D.B.Act.Division 03/01/2012 DBAD/PUB 1595.00   339.460954 JAI EN-88088 03/01/2012 1 1595.00 English Books

© Delhi Public Library
Hit Counter
free hit counter